|
|
|
|
| LEADER |
00000nam0a2200000 4500 |
| 001 |
300603 |
| 005 |
20231102001322.0 |
| 035 |
|
|
|a (RuTPU)RU\TPU\book\325756
|
| 090 |
|
|
|a 300603
|
| 100 |
|
|
|a 20150713d1983 km y0rusy50 ca
|
| 101 |
0 |
|
|a rus
|
| 102 |
|
|
|a RU
|
| 105 |
|
|
|a ac z 001zd
|
| 200 |
1 |
|
|a Христиан Гольдбах. 1690-1764
|f А. П. Юшкевич, Ю. Х. Копелевич
|g Академия наук СССР (АН СССР)
|
| 210 |
|
|
|a Москва
|c Наука
|d 1983
|
| 215 |
|
|
|a 223 с.
|c ил.
|
| 225 |
1 |
|
|a Научно-биографическая серия
|
| 320 |
|
|
|a Библиогр.: с. 211-213
|
| 320 |
|
|
|a Указ. имен: с. 215-222
|
| 600 |
|
1 |
|a Гольдбах
|b Х.
|c немецкий математик
|c член Петербургской Академии наук
|c жил и работал в России
|f 1690-1764
|g Христиан
|2 stltpush
|3 (RuTPU)RU\TPU\pers\23164
|9 9995
|
| 606 |
1 |
|
|a Математики
|x Персоналии
|2 stltpush
|3 (RuTPU)RU\TPU\subj\69235
|9 84202
|
| 610 |
1 |
|
|a математическая наука
|
| 610 |
1 |
|
|a 18 век
|
| 610 |
1 |
|
|a история
|
| 610 |
1 |
|
|a биографические материалы
|
| 610 |
1 |
|
|a теория чисел
|
| 610 |
1 |
|
|a жизнедеятельность
|
| 610 |
1 |
|
|a научные связи
|
| 610 |
1 |
|
|a переписка
|
| 675 |
|
|
|a 51(092)
|v 3
|
| 700 |
|
1 |
|a Юшкевич
|b А. П.
|g Адольф Павлович
|
| 701 |
|
1 |
|a Копелевич
|b Ю. Х.
|g Юдифь Хаимовна
|
| 712 |
0 |
2 |
|a Академия наук СССР (АН СССР)
|c (Ленинград/Москва)
|c (1925-1991)
|2 stltpush
|3 (RuTPU)RU\TPU\col\722
|
| 801 |
|
1 |
|a RU
|b 63413507
|c 20150713
|
| 801 |
|
2 |
|a RU
|b 63413507
|c 20190207
|g RCR
|
| 942 |
|
|
|c BK
|